• 首页
  • 本馆介绍
  • 公告通知
  • 最新文献
  • 馆藏检索
  • 电子资源
  • 读者导购
  • 参考咨询
  • 我的图书馆
  • 登录
  • 详细信息显示
  • 放入我的书架
  • 预约/预借图书
  • 作者相关作品
  • 分类相关作品
  • 丛书相关作品
  • 出版社相关作品

书目信息

  • 表格格式
  • 工作单格式
  • 卡片格式
题名:
德意志帝国的大战略
    
 
作者: 梅然 著
分册:  
出版信息: 北京   北京大学出版社  2016
页数: 633页
开本: 23cm
丛书名: 世界政治研究丛书
单 册:
中图分类: K516.42 , D851.60
科图分类:
主题词: 德意志帝国--de yi zhi di guo--历史--研究 , 对外政策--dui wai zheng ce--研究--德国
电子资源:
ISBN: 978-7-301-26940-4
000 01361nam0 22003011 450
001 1738585416
005 20170627164603.0
010    @a978-7-301-26940-4@dCNY99.00
100    @a20160509d2016 em y0chiy50 ea
101 0  @achi
102    @aCN@b110000
105    @aa z 000yy
106    @ar
200 1  @a德意志帝国的大战略@9de yi zhi di guo de da zhan lue@e德国与大战的来临@dThe grand strategy of the German Empire@eGermany and the coming of World War I@f梅然著@zeng
210    @a北京@c北京大学出版社@d2016
215    @a633页@c照片@d23cm
225 2  @a世界政治研究丛书@9shi jie zheng zhi yan jiu cong shu
330    @a本书涵盖了德意志帝国的四十余年历史,从国内政治、经济、军事思想、对外关系实践等多角度剖析了“德意志帝国为何会走向大战”等问题,强调了预防性战争思维的影响,也述及了当政者的政治性格的作用,对于一战前四十年中欧洲国际关系的宏观进程和其他大国在其中的角色也多有展现。
461  0 @12001 @a世界政治研究丛书
510 1  @aGrand strategy of the German Empire@eGermany and the coming of World War I@zeng
517 1  @a德国与大战的来临@9de guo yu da zhan de lai lin
606 0  @a德意志帝国@9de yi zhi di guo@x历史@x研究
606 0  @a对外政策@9dui wai zheng ce@x研究@y德国
690    @aK516.42@v5
690    @aD851.60@v5
701  0 @a梅然@9mei ran@f(1969~)@4著
801  0 @aCN@bTANGWEI@c20170621
905    @b1015345-50@dK516.42@e38@f6
    
    德意志帝国的大战略:德国与大战的来临=The grand strategy of the German Empire:Germany and the coming of World War I/梅然著.-北京:北京大学出版社,2016
    633页:照片;23cm.-(世界政治研究丛书)
    
    
    ISBN 978-7-301-26940-4:CNY99.00
    本书涵盖了德意志帝国的四十余年历史,从国内政治、经济、军事思想、对外关系实践等多角度剖析了“德意志帝国为何会走向大战”等问题,强调了预防性战争思维的影响,也述及了当政者的政治性格的作用,对于一战前四十年中欧洲国际关系的宏观进程和其他大国在其中的角色也多有展现。
●
相关链接 在E读中查询图书 在五车中查询图书 在当当中查询图书 在豆瓣中查询图书


正题名:德意志帝国的大战略     索取号:K516.42/38         预约/预借

序号 登录号 条形码 馆藏地/架位号 状态 备注
1 1015345   210153457   第二样本阅览室/ [索取号:K516.42/38] 在馆    
2 1015346   210153466   教育系资料室/ [索取号:K516.42/38] 在馆    
3 1015347   210153475   教育系资料室/ [索取号:K516.42/38] 在馆    
4 1015348   210153484   教育系资料室/ [索取号:K516.42/38] 在馆    
5 1015349   210153493   第二借阅区/ [索取号:K516.42/38] 在馆    
6 1015350   210153509   第二借阅区/ [索取号:K516.42/38] 在馆    
唐山师范学院图书馆 欢迎您!
大连网信软件有限公司© 版权所有